Land use change in tropical watersheds : (Record no. 13708)
[ view plain ]
| 000 -LEADER | |
|---|---|
| fixed length control field | 00505cam a22001694a 4500 |
| 020 ## - INTERNATIONAL STANDARD BOOK NUMBER | |
| ISBN | 0851999123 (alk. paper) |
| 020 ## - INTERNATIONAL STANDARD BOOK NUMBER | |
| ISBN | 9780851999128 (alk. paper) |
| 082 00 - DEWEY DECIMAL CLASSIFICATION NUMBER | |
| Classification number | 551.48 |
| Item number | COX/LA |
| 245 00 - TITLE STATEMENT | |
| Title | Land use change in tropical watersheds : |
| 260 ## - PUBLICATION, DISTRIBUTION, ETC. (IMPRINT) | |
| Place of publication | Wallingford, UK ; |
| -- | Cambridge, MA : |
| Name of publisher | CABI Pub., |
| Year of publication | c2005. |
| 300 ## - PHYSICAL DESCRIPTION | |
| Number of Pages | xi, 191 p. : |
| Other physical details | ill. (some col.), maps ; |
| 650 #0 - SUBJECT ADDED ENTRY--TOPICAL TERM | |
| Topical Term | Land use, Rural |
| 650 #0 - SUBJECT ADDED ENTRY--TOPICAL TERM | |
| Topical Term | Watershed management |
| 700 1# - ADDED ENTRY--PERSONAL NAME | |
| Personal name | Coxhead, Ian A. |
| 700 1# - ADDED ENTRY--PERSONAL NAME | |
| Personal name | Shively, Gerald. |
| 942 ## - ADDED ENTRY ELEMENTS (KOHA) | |
| Koha item type | Books |
| Withdrawn status | Lost status | Damaged status | Collection code | Home library | Current library | Shelving location | Date acquired | Source of acquisition | Cost, normal purchase price | Full call number | Accession Number | Koha item type |
|---|---|---|---|---|---|---|---|---|---|---|---|---|
| Reference | KAUAET | KAUAET | Reference | 31/03/2012 | Universal Research Books, Thrissur | 5336.50 | 551.48 COX/LA | 23356 | Reference |
